| 000 | 00964nac a2200313 i 4500 | ||
|---|---|---|---|
| 003 | EG-GICUC | ||
| 005 | 20260121101713.0 | ||
| 008 | 260111b2006 ua ||||fr|||| 00| 0 eng d | ||
| 020 | _a9771924036 | ||
| 040 |
_aEG-GiCUC _beng _cEG-GiCUC _dEG-GiCUC _erda |
||
| 082 | 0 | 4 |
_221 _a341.21 |
| 092 | 0 | 4 | _221 |
| 099 | _aLaw 11 2006 | ||
| 100 | 1 | _aAbou El Wafa, Ahmed. | |
| 245 | 1 | 2 |
_aA manual on the law of international organizations / _cAhmed Abou El Wafa. |
| 250 | _aFourth edition. | ||
| 264 |
_aCairo : _bDar al Nahda al Arabia, _c2006. |
||
| 300 |
_a512 pages ; _c24 cm _billustrations, |
||
| 336 |
_2rda content _atext |
||
| 337 |
_2rda media _aComputer |
||
| 338 |
_2rda carrier _aOnline Resource |
||
| 504 | _aBibliography: pages 200-250. | ||
| 650 | 1 | 0 |
_aorganizations. _2qrmak |
| 650 | 1 | 0 |
_aInternational Law. _2qrmak |
| 651 | 1 | _2qrmak | |
| 856 | 4 | 0 | _uhttps://fll.law.cu.edu.eg/fulltext/bks/ENGB11-00013.pdf |
| 905 | _a10 | ||
| 942 |
_2ddc _cBK _e21 _n0 |
||
| 999 |
_c56080 _d56080 |
||